000 00458cam a22001934a 4500
005 20250605164326.0
008 250528s ||||||||||||||||||||||||d
035 _a23026
020 _a9780201835953
040 _aGR-AtMCL
_bgre
_dGR-AtMCL
_eAACR2
245 1 _aTHE MYTHICAL MAN-MONTH
250 _a1
260 _bAddison-Wesley,
_c1995
300 _a322
700 1 _aBrooks Frederick P
_98604
942 _cBK
999 _c8067
_d8067